Conjugaison - s'asseoir - Statistiques

Statistiques générales
  • Ce quiz a été pris 6 fois
    5 depuis la dernière actualisation
  • Le résultat moyen est 48 sur 131
Statistiques - réponses
Mode Temps Forme Pronom Réponse % Correct
Indicatif Présent -ieds Je m'assieds
100%
Indicatif Présent -ois Je m'assois
100%
Indicatif Passé composé unique Je me suis assis
80%
Indicatif Présent -ieds Il / elle / on s'assied
80%
Indicatif Présent -ois Il / elle / on s'assoit
80%
Indicatif Présent -ieds Tu t'assieds
80%
Indicatif Présent -ois Tu t'assois
80%
Indicatif Futur simple -ieds Je m'assiérai
60%
Indicatif Passé simple unique Je m'assis
60%
Indicatif Futur simple -ois Je m'assoirai
60%
Indicatif Futur antérieur unique Je me serai assis
60%
Indicatif Présent -ieds Nous nous asseyons
60%
Indicatif Futur simple -ieds Nous nous assiérons
60%
Indicatif Passé simple unique Nous nous assîmes
60%
Indicatif Futur simple -ois Nous nous assoirons
60%
Indicatif Présent -ois Nous nous assoyons
60%
Indicatif Futur antérieur unique Nous nous serons assis
60%
Indicatif Passé composé unique Nous nous sommes assis
60%
Indicatif Présent -ieds Ils / elles s'asseyent
60%
Indicatif Futur simple -ieds Il / elle / on s'assiéra
60%
Indicatif Passé simple unique Ils / elles s'assirent
60%
Indicatif Passé simple unique Il / elle / on s'assit
60%
Indicatif Présent -ois Ils / elles s'assoient
60%
Indicatif Futur simple -ois Il / elle / on s'assoira
60%
Indicatif Futur antérieur unique Il / elle / on se sera assis
60%
Indicatif Passé composé unique Ils / elles se sont assis
60%
Indicatif Passé composé unique Il / elle / on s'est assis
60%
Indicatif Futur simple -ieds Tu t'assiéras
60%
Indicatif Passé simple unique Tu t'assis
60%
Indicatif Futur simple -ois Tu t'assoiras
60%
Indicatif Passé composé unique Tu t'es assis
60%
Indicatif Futur antérieur unique Tu te seras assis
60%
Indicatif Présent -ieds Vous vous asseyez
60%
Indicatif Futur simple -ieds Vous vous assiérez
60%
Indicatif Passé simple unique Vous vous assîtes
60%
Indicatif Futur simple -ois Vous vous assoirez
60%
Indicatif Présent -ois Vous vous assoyez
60%
Indicatif Passé composé unique Vous vous êtes assis
60%
Indicatif Futur antérieur unique Vous vous serez assis
60%
Indicatif Imparfait -ieds Je m'asseyais
40%
Indicatif Imparfait -ois Je m'assoyais
40%
Indicatif Passé antérieur unique Je me fus assis
40%
Indicatif Plus-que-parfait unique Je m'étais assis
40%
Indicatif Imparfait -ieds Nous nous asseyions
40%
Indicatif Imparfait -ois Nous nous assoyions
40%
Indicatif Plus-que-parfait unique Nous nous étions assis
40%
Indicatif Passé antérieur unique Nous nous fûmes assis
40%
Indicatif Imparfait -ieds Ils / elles s'asseyaient
40%
Indicatif Imparfait -ieds Il / elle / on s'asseyait
40%
Indicatif Futur simple -ieds Ils / elles s'assiéront
40%
Indicatif Futur simple -ois Ils / elles s'assoiront
40%
Indicatif Imparfait -ois Ils / elles s'assoyaient
40%
Indicatif Imparfait -ois Il / elle / on s'assoyait
40%
Indicatif Passé antérieur unique Ils / elles se furent assis
40%
Indicatif Passé antérieur unique Il / elle / on se fut assis
40%
Indicatif Futur antérieur unique Ils / elles se seront assis
40%
Indicatif Plus-que-parfait unique Ils / elles s'étaient assis
40%
Indicatif Plus-que-parfait unique Il / elle / on s'était assis
40%
Indicatif Imparfait -ieds Tu t'asseyais
40%
Indicatif Imparfait -ois Tu t'assoyais
40%
Indicatif Passé antérieur unique Tu te fus assis
40%
Indicatif Plus-que-parfait unique Tu t'étais assis
40%
Indicatif Imparfait -ieds Vous vous asseyiez
40%
Indicatif Imparfait -ois Vous vous assoyiez
40%
Indicatif Plus-que-parfait unique Vous vous étiez assis
40%
Indicatif Passé antérieur unique Vous vous fûtes assis
40%
Impératif Présent -ieds - asseyez-vous
20%
Impératif Présent -ieds - asseyons-nous
20%
Impératif Présent -ieds - assieds-toi
20%
Participe Passé unique - assis
20%
Impératif Présent -ois (tu) assois-toi
20%
Impératif Présent -ois (vous) assoyez-vous
20%
Impératif Présent -ois (nous) assoyons-nous
20%
Gérondif Présent -ieds - en s'asseyant
20%
Gérondif Présent -ois - en s'assoyant
20%
Gérondif Passé unique - en s'étant assis
20%
Subjonctif Présent -ieds Que je m'asseye
20%
Conditionnel Présent -ieds Je m'assiérais
20%
Subjonctif Imparfait unique Que je m'assisse
20%
Subjonctif Présent -ois Que je m'assoie
20%
Conditionnel Présent -ois Je m'assoirais
20%
Subjonctif Plus-que-parfait unique Que je me fusse assis
20%
Conditionnel Passé unique Je me serais assis
20%
Subjonctif Passé unique Que je me sois assis
20%
Subjonctif Présent -ieds Que nous nous asseyions
20%
Conditionnel Présent -ieds Nous nous assiérions
20%
Subjonctif Imparfait unique Que nous nous assissions
20%
Conditionnel Présent -ois Nous nous assoirions
20%
Subjonctif Présent -ois Que nous nous assoyions
20%
Subjonctif Plus-que-parfait unique Que nous nous fussions assis
20%
Conditionnel Passé unique Nous nous serions assis
20%
Subjonctif Passé unique Que nous nous soyons assis
20%
Infinitif Présent unique - s'asseoir
20%
Participe Présent -ieds - s'asseyant
20%
Subjonctif Présent -ieds Qu'il / qu'elle / qu'on s'asseye
20%
Subjonctif Présent -ieds Qu'ils / qu'elles s'asseyent
20%
Conditionnel Présent -ieds Ils / elles s'assiéraient
20%
Conditionnel Présent -ieds Il / elle / on s'assiérait
20%
Subjonctif Imparfait unique Qu'ils / qu'elles s'assissent
20%
Subjonctif Imparfait unique Qu'il / qu'elle / qu'on s'assît
20%
Subjonctif Présent -ois Qu'il / qu'elle / qu'on s'assoie
20%
Subjonctif Présent -ois Qu'ils / qu'elles s'assoient
20%
Conditionnel Présent -ois Ils / elles s'assoiraient
20%
Conditionnel Présent -ois Il / elle / on s'assoirait
20%
Participe Présent -ois - s'assoyant
20%
Subjonctif Plus-que-parfait unique Qu'ils / qu'elles se fussent assis
20%
Subjonctif Plus-que-parfait unique Qu'il / qu'elle / qu'on se fût assis
20%
Conditionnel Passé unique Ils / elles se seraient assis
20%
Conditionnel Passé unique Il / elle / on se serait assis
20%
Subjonctif Passé unique Qu'ils / qu'elles se soient assis
20%
Subjonctif Passé unique Qu'il / qu'elle / qu'on se soit assis
20%
Subjonctif Présent -ieds Que tu t'asseyes
20%
Conditionnel Présent -ieds Tu t'assiérais
20%
Subjonctif Imparfait unique Que tu t'assisses
20%
Subjonctif Présent -ois Que tu t'assoies
20%
Conditionnel Présent -ois Tu t'assoirais
20%
Subjonctif Plus-que-parfait unique Que tu te fusses assis
20%
Conditionnel Passé unique Tu te serais assis
20%
Subjonctif Passé unique Que tu te sois assis
20%
Subjonctif Présent -ieds Que vous vous asseyiez
20%
Conditionnel Présent -ieds Vous vous assiériez
20%
Subjonctif Imparfait unique Que vous vous assissiez
20%
Conditionnel Présent -ois Vous vous assoiriez
20%
Subjonctif Présent -ois Que vous vous assoyiez
20%
Subjonctif Plus-que-parfait unique Que vous vous fussiez assis
20%
Conditionnel Passé unique Vous vous seriez assis
20%
Subjonctif Passé unique Que vous vous soyez assis
20%
Participe Passé unique - s'étant assis
0%
Infinitif Passé unique - s'être assis
0%
Impératif Passé unique (vous) soyez assis
0%
Impératif Passé unique (nous) soyons assis
0%
Aucun quiz correspondant
Distribution des résultats
% des personnes avec chaque résultat
Percentile par nombre de réponses
Votre historique - résultats
Vous n’avez pas pris ce quiz depuis la dernière actualisation